| 000 | 00000cas 2200000zi 4500 |
| 001 | 9.834419 |
| 003 | CaOODSP |
| 005 | 20260304072352 |
| 006 | m o d f |
| 007 | cr cn||||||||| |
| 008 | 170328c20119999onctr p o f0###b0fre|d |
| 022 | |a2818-1018 |
| 040 | |aCaOODSP|bfre|erda|cCaOODSP |
| 043 | |an-cn--- |
| 086 | 1 |aCP1-17F-PDF |
| 110 | 1 |aCanada. |bBureau du Conseil privé, |eauteur, |eorganisme de publication. |
| 222 | 0|aRapport financier trimestriel |b(Canada. Bureau du Conseil privé) |
| 245 | 10|aRapport financier trimestriel : |bcompte rendu soulignant les résultats, les risques et les changements importants quant au fonctionnement, au personnel et au programme, pour le trimestre se terminant le ... / |cBureau du Conseil privé. |
| 264 | 1|a[Ottawa] : |bGovernment of Canada, Privy Council Office = Gouvernement du Canada, Bureau du Conseil privé, |c[2011]- |
| 310 | |aTrois fois par année |
| 336 | |atexte|btxt|2rdacontent/fre |
| 337 | |ainformatique|bc|2rdamedia/fre |
| 338 | |aressource en ligne|bcr|2rdacarrier/fre |
| 362 | 1 |aParaît depuis : 30 juin 2011. |
| 500 | |aPublié aussi en anglais sous le titre : Quarterly financial report. |
| 500 | |aVariantes dans le sous-titre. |
| 588 | |aDescription d'après : 30 juin 2011; titre de départ du fichier PDF. |
| 588 | |aDernière livraison consultée : 30 septembre 2023. |
| 610 | 16|aCanada. |bBureau du Conseil privé|xCrédits budgétaires et dépenses|vPériodiques. |
| 650 | 6|aFinances publiques|zCanada|vPériodiques. |
| 655 | 7|aPériodiques|2rvmgf |
| 775 | 08|tQuarterly financial report : |w(CaOODSP)9.834417 |